| 000 | 01646nam a2200409 a 4500 | ||
|---|---|---|---|
| 001 | ebr10495369 | ||
| 003 | CaPaEBR | ||
| 006 | m u | ||
| 007 | cr cn||||||||| | ||
| 008 | 070112s2007 kyua sb 001 0 eng d | ||
| 010 | _z 2007001530 | ||
| 020 | _z9780813191775 (pbk. : alk. paper) | ||
| 020 | _z0813191777 (pbk. : alk. paper) | ||
| 020 | _z081312431X (hbk. : alk. paper) | ||
| 020 | _z9780813124315 | ||
| 020 | _z9780813172170 (e-book) | ||
| 040 |
_aCaPaEBR _cCaPaEBR |
||
| 035 | _a(OCoLC)166261955 | ||
| 043 | _an-usa-- | ||
| 050 | 1 | 4 |
_aT21.5.A67 _bF75 2007eb |
| 082 | 0 | 4 |
_a728/.047 _222 |
| 100 | 1 | _aFritsch, Albert J. | |
| 245 | 1 | 0 |
_aHealing Appalachia _h[electronic resource] : _bsustainable living through appropriate technology / _cAl Fritsch and Paul Gallimore. |
| 260 |
_aLexington : _bUniversity Press of Kentucky, _cc2007. |
||
| 300 |
_axvi, 435 p. : _bill. |
||
| 504 | _aIncludes bibliographical references (p. [399]-421) and index. | ||
| 533 |
_aElectronic reproduction. _bPalo Alto, Calif. : _cebrary, _d2011. _nAvailable via World Wide Web. _nAccess may be limited to ebrary affiliated libraries. |
||
| 650 | 0 |
_aAppropriate technology _zAppalachian Region. |
|
| 650 | 0 |
_aSustainable living _zAppalachian Region. |
|
| 650 | 0 |
_aBioregionalism _zAppalachian Region. |
|
| 650 | 0 |
_aEnvironmental protection _zAppalachian Region. |
|
| 650 | 0 | _aGreen products. | |
| 655 | 7 |
_aElectronic books. _2local |
|
| 700 | 1 |
_aGallimore, Paul, _d1947- |
|
| 710 | 2 | _aebrary, Inc. | |
| 856 | 4 | 0 |
_uhttp://site.ebrary.com/lib/rucke/Doc?id=10495369 _zAn electronic book accessible through the World Wide Web; click to view |
| 999 |
_c241090 _d241090 |
||